000
00216 a2200097 4500
001
26408
100
_a
245
_a
Osha and accident control through training
260
_a
_b
Edward arnold
_c
090
_c
17745
_d
17745
942
_a
NUST-CAE
_c
_c
8608
999
_c
261481
_d
261481